Ranks in the Royal Air Force (RAF) Quiz Stats

 Plays Quiz not verified by Sporcle

Score 0/20 Timer 08:00
0 Plays Today
% Correct
Wing Commander
86.3%
Corporal
84.6%
Squadron Leader
83.9%
Sergeant
83.3%
Pilot Officer
82.6%
Flying Officer
81.3%
Flight-Lieutenant
80.6%
Air Marshal
79.5%
Group Captain
78.9%
Warrant Officer
78%
% Correct
Flight Sergeant
76.7%
Air Vice-Marshal
75.8%
Air Commodore
72.9%
Air Chief Marshal
63.9%
Marshal of the Royal Air Force
62.6%
Aircraftman
52.9%
Senior Aircraftman
50.9%
Leading Aircraftman
48.5%
Chief Technician
46%
Junior Technician
44.7%

You're not logged in!

Compare scores with friends on all Sporcle quizzes.
OR
Log In

Show Comments

Extras

Created Feb 24, 2012ReportNominate
Tags:air, Air Force, force, raf, royal

Top Quizzes Today


Score Distribution

Your Account Isn't Verified!

In order to create a playlist on Sporcle, you need to verify the email address you used during registration. Go to your Sporcle Settings to finish the process.

Report this User

Report this user for behavior that violates our Community Guidelines.

Details: